Pokemon Moves Starting with the Letter H - Statistics

General Stats
  • This quiz has been taken 155 times
    113 since last reset
  • The average score is 35 of 42
Answer Stats
Type Phys/Spec/Status Special Effects Answer % Correct
Water Special User cannot move turn after use Hydro Cannon
100%
Ice Status Storm damages all types except ice for 5 turns Hail
98%
Rock Physical User takes 1/2 recoil damage Head Smash
98%
Fighting Physical User takes recoil damage if it misses High Jump Kick
98%
Water Special N/A Hydro Pump
98%
Normal Special User cannot move turn after use Hyper Beam
98%
Psychic Status Puts target to sleep Hypnosis
98%
Steel Physical Deals more damage if user is heavier than target Heavy Slam
97%
Normal Physical May make foe flinch Headbutt
95%
Normal Physical User takes 1/4 recoil damage. Signature of Bouffalant Head Charge
95%
Fire Special May burn foe Heat Wave
95%
Normal Status Boosts power of ally's attack Helping Hand
95%
Ice Status Eliminates all stat changes on the field Haze
93%
Psychic Status Heal target pokemon by 1/2 HP Heal Pulse
93%
Ghost Special Power is doubled if target is statused Hex
93%
Flying Special May confuse foe, cannot miss in rain Hurricane
93%
Varies Special Move type depends on users IVs Hidden Power
91%
Dark Status Raises users Atk and Accuracy Hone Claws
91%
Normal Physical One Hit KO Move Horn Drill
90%
Fire Physical Deals more damage if user is heavier than target Heat Crash
88%
Psychic Status Foe cannot using healing moves, items or abilities for 5 turns Heal Block
86%
Psychic Status User faints, replacement healed by 1/2 HP and status Healing Wish
86%
Normal Physical N/A Horn Attack
86%
Normal Status Raises users Def. Harden
84%
Bug Status Heal 1/2 maximum HP Heal Order
84%
Normal Status Raises users Atk Howl
84%
Fighting Physical Lowers users Speed Hammer Arm
78%
Normal Status Eliminates all status conditions in party Heal Bell
78%
Grass Physical User receives 1/2 damage as recovery HP Horn Leech
78%
Normal Physical May make foe flinch Hyper Fang
78%
Normal Status Doubles monetary gains of the battle Happy Hour
76%
Ground Physical N/A High Horsepower
76%
Normal Physical Bypasses moves like Protect. Signature of Dunsparce line Hyper Drill
76%
Water Special Deals 50% more damage in Harsh Sunlight. Signature of Walking Wake Hydro Steam
72%
Normal Special N/A Hyper Voice
71%
Normal Status Does nothing Hold Hands
66%
Ground Physical Lowers user Def. and Sp. Def. by one stage Headlong Rush
64%
Normal Physical Target is left with at least 1HP Hold Back
62%
Psychic Physical May make foe flinch Heart Stamp
59%
Psychic Status User switches stat changes with the target Heart Swap
55%
Dark Physical Ignores protect and detect. Lowers users Def. Hyperspace Fury
50%
Psychic Special Ignores protect and detect. Hyperspace Hole
45%
No matching quizzes found
Score Distribution
Percent of People with Each Score
Percentile by Number Answered
Your Score History
You have not taken this quiz since the last reset